000 00505nam a2200205Ia 4500
003 0100
008 130303s9999 xx 000 0 und d
020 _a0920490840
040 _cARRUPELIB
050 _aLB1025.2.P55 1988
245 _aPhilosophy of education
245 _bintroductory readings
260 _aAlberta
260 _bDetselig Enterprises
260 _C1988
300 _a386p.
300 _b 23cm
700 _aHare, William and Portelli, John Peter (eds.)
942 _2lcc
_012
999 _c64123
_d64123